| 000 | 00355nam a2200133Ia 4500 | ||
|---|---|---|---|
| 008 | 220216s9999 xx 000 0 und d | ||
| 100 | _aJacob Jom | ||
| 245 | 0 | _aWeak demand and global cues depress NR prices despite fall in supply | |
| 260 |
_bRubber Board Bulletin _c2014 |
||
| 300 | _a15-20 | ||
| 650 | _aNatural rubber | ||
| 650 | _aRSS | ||
| 942 | _cJS | ||
| 999 |
_c72324 _d72324 |
||